| 000 | 00510nam a2200181 4500 | ||
|---|---|---|---|
| 003 | SEACOMMC | ||
| 005 | 20250505122445.0 | ||
| 008 | 250224b |||||||| |||| 00| 0 eng d | ||
| 020 |
_a 978-12-5902-993-6 _cRs.265.00 |
||
| 040 | _aSEACOMMC | ||
| 082 |
_a 005.133 C++ _bB 171 |
||
| 100 | _aBalaguruswamy, E. | ||
| 245 | 1 |
_aObject Oriented Programming With C++ / _cE. Balaguruswamy |
|
| 250 | _a4th ed. | ||
| 260 |
_a New Delhi _bTata McGraw Hill, 2015 _c 1994 |
||
| 650 | _aProgramming Language | ||
| 942 | _cBOOK | ||
| 999 |
_c1101 _d1101 |
||